[Event "BIH-chT1A 22nd"]
[Site "Tuzla"]
[Date "2015.10.19"]
[Round "6.2"]
[White "Hrvic, Bilal"]
[Black "Boric, Muhamed"]
[Result "0-1"]
[WhiteElo "2124"]
[BlackElo "2397"]
[PlyCount "86"]
[EventDate "2015.10.16"]
[EventType "tourn"]
[EventRounds "9"]
[EventCountry "BIH"]
[SourceTitle "CBM 169 Extra"]
[Source "ChessBase"]
[SourceDate "2015.12.18"]
[SourceVersion "1"]
[SourceVersionDate "2015.12.18"]
[SourceQuality "1"]

1. c4 c6 2. Nf3 Nf6 3. Nc3 d5 4. cxd5 cxd5 5. d4 Nc6 6. e3 a6 7. Be2 Bg4 8. h3 Bd7 9. Bd2 e6 10. 0-0 Bd6 11. Na4 Ne4 12. Rc1 0-0 13. a3 b6 14. Bd3 Nxd2 15. Nxd2 Na5 16. Nc3 b5 17. Nf3 Nc4 18. Rb1 g6 19. Re1 Rc8 20. e4 Nxb2 21. Qd2 Nxd3 22. Qxd3 Qc7 23. Rbc1 Qb7 24. exd5 exd5 25. Ne2 Rxc1 26. Rxc1 Rc8 27. Rxc8+ Qxc8 28. Qe3 Qc2 29. Ng3 f6 30. h4 h5 31. Nf1 a5 32. g3 Kg7 33. Kg2 a4 34. Ne1 Qe4+ 35. Qxe4 dxe4 36. Nc2 Be6 37. Nfe3 Bb3 38. f4 exf3+ 39. Kxf3 f5 40. Kf2 Kf6 41. Kf3 Ke6 42. Kf2 Bxc2 43. Nxc2 Kd5 0-1

[Event "BIH-chT1A 22nd"]
[Site "Tuzla"]
[Date "2015.10.17"]
[Round "2.2"]
[White "Hrvic, Bilal"]
[Black "Kekic, Armin"]
[Result "1/2-1/2"]
[WhiteElo "2124"]
[BlackElo "2231"]
[PlyCount "34"]
[EventDate "2015.10.16"]
[EventType "tourn"]
[EventRounds "9"]
[EventCountry "BIH"]
[SourceTitle "CBM 169 Extra"]
[Source "ChessBase"]
[SourceDate "2015.12.18"]
[SourceVersion "1"]
[SourceVersionDate "2015.12.18"]
[SourceQuality "1"]

1. c4 e5 2. g3 Nc6 3. Bg2 g6 4. Nc3 Bg7 5. d3 d6 6. Nf3 h6 7. Rb1 Be6 8. Bd2 Qd7 9. Nd5 Nge7 10. Nxe7 Nxe7 11. 0-0 0-0 12. b4 c6 13. a4 d5 14. Qc2 f5 15. b5 Rac8 16. Bc3 Qc7 17. Qb2 d4 1/2-1/2

[Event "BIH-chT1B"]
[Site "Neum"]
[Date "2012.08.26"]
[Round "3.2"]
[White "Harcin, Amer"]
[Black "Hrvic, Bilal"]
[Result "0-1"]
[WhiteElo "1941"]
[BlackElo "2031"]
[PlyCount "76"]
[EventDate "2012.08.25"]
[EventType "team-tourn"]
[EventRounds "9"]
[EventCountry "BIH"]
[SourceTitle "CBM 150 Extra"]
[Source "ChessBase"]
[SourceDate "2012.10.19"]
[SourceVersion "1"]
[SourceVersionDate "2012.10.19"]
[SourceQuality "1"]

1. d4 d5 2. c4 c6 3. cxd5 Qxd5 4. Nc3 Qd8 5. Nf3 Nf6 6. a3 Bf5 7. e3 e6 8. Bd3 Bg4 9. 0-0 Be7 10. Bd2 Nbd7 11. b4 0-0 12. h3 Bh5 13. Rc1 Rc8 14. Ne4 Nxe4 15. Bxe4 Nf6 16. Qc2 Nxe4 17. Qxe4 Bg6 18. Qg4 Bf5 19. Qh5 Be4 20. Ne1 Bf6 21. Bc3 a6 22. Qe2 Re8 23. f3 Bg6 24. Rd1 Qb6 25. Nd3 Qb5 26. Kf2 Red8 27. Nc5 b6 28. Qxb5 cxb5 29. Rd2 bxc5 30. bxc5 Be7 31. Bb4 f5 32. g4 Bf6 33. gxf5 Bxf5 34. Rfd1 Bh4+ 35. Ke2 h6 36. e4 Bg6 37. Ke3 Bh5 38. Rg1 Rf8 0-1